MAASAI MARA UNIVERSITY

LIBRARY CATALOGUE

Contact Us: +254 020 2685356/7 or 0774 057787

Box: 861-20500, NAROK, KENYA

Email: info@mmarau.ac.ke

Jain A.K. (Record no. 56)

MARC details
000 -LEADER
fixed length control field 00353nam a2200133Ia 4500
008 - FIXED-LENGTH DATA ELEMENTS--GENERAL INFORMATION
fixed length control field 151015s9999 xx 000 0 und d
020 ## - INTERNATIONAL STANDARD BOOK NUMBER
International Standard Book Number 8121920922
050 ## - LIBRARY OF CONGRESS CALL NUMBER
Classification number HV 29.7.535 2008
245 ## - TITLE STATEMENT
Title Jain A.K.
250 ## - EDITION STATEMENT
Edition statement _professional communication skills
300 ## - PHYSICAL DESCRIPTION
Extent India Rajendra 2008
650 ## - SUBJECT ADDED ENTRY--TOPICAL TERM
Topical term or geographic name as entry element _communication
700 ## - ADDED ENTRY--PERSONAL NAME
Personal name ^d20101126 01:10:56^oanne

No items available.

© 2016 Maasai Mara University.